000 01912cam a22001814a 4500
005 20250605164402.0
008 250528s ||||||||||||||||||||||||d
035 _a24620
040 _aGR-AtMCL
_bgre
_dGR-AtMCL
_eAACR2
245 1 _aΤο Παραγωγικό Μοντέλο για την Ανάπτυξη της Χώρας
260 _bΔελτίον Διοικήσεως Επιχειρήσεων,
_c2020
300 _a88
520 _aΗ Έκθεση της Επιτροπής Πισσαρίδη και η Παραγωγικότητα, Η Διανομή και η Κεφαλαιοποίηση: Πανάκεια ή Καταστροφή, ΤτΕ: Ενδιάμεση Έκθεση - Τα Βασικά Σενάρια για την Οικονομία, ΕΠΑνΕΚ: Πρώτη η Ελλάδα στην Απορρόφηση Κονδυλίων, UBS: Στα προ Πανδημίας Επίπεδα θα Επιστρέψει η Οικονομική Παραγωγή και τα Εταιρικά Κέρδη το 2021, Ελληνική Ένωση Τραπεζών: Μέτρα Στήριξης των Δανειοληπτών εώς τον Μάρτιο 2021, Ένωση Ελλήνων: Να Εμβολιαστούν πρώτα οι Ναυτικοί Ενάντια στον COVID-19, Rina: Επέκταση των Γραφείων του στον Πειραιά, ΤτΕ: Αύξηση Ενεργητικού των Ασφαλιστικών Εταιρειών το Εννεάμηνο, ΕΑΕΕ: Συμμετέχει στο Life Profile' της ΕΕ, σεβ - Innovation Ready: Μια Νέα Πρωτοβουλία για την Προσέγγιση της Βιομηχανίας με τις Startups και την Ερευνητική Κοινότητα.
700 1 _aΠαπαμιχαλάκης Ιωάννης Ν
_99495
942 _cCR
999 _c9489
_d9489